000 00976nam a2200337 a 4500
003 AR-BaBNM
005 20251128205652.0
008 082120s2002 ||||||||||||||000 | spa||
020 _a84-7738-112-7
040 _cAR-BaBNM
245 0 0 _aLa población del mundo
260 _aMadrid
_bSíntesis
_c1991
300 _a198 p.
_btablas, gráfs., mapas
490 0 _aEspacios y sociedades
_vv. 7
500 _aAnexo para consultar con estadística p. 181-198
504 _aBibliografía p. 177-179
650 4 _aMIGRACION DE PERSONAS
650 4 _aGEOGRAFIA HUMANA
650 4 _aCRECIMIENTO DEMOGRAFICO
650 4 _aTRABAJO
650 4 _aINMIGRACION
650 4 _aPOLITICA DE MIGRACION
700 1 _aAbellán, Antonio
700 1 _aRojo, Fermina
700 1 _aFernández-Mayoralas, Gloria
700 1 _aRodríguez, Vicente
800 1 _aVinuesa Angulo, Julio
_edirector
800 1 _aPuyol Antolín, Rafael
_edirector
942 _cBK
998 _cMariana
999 _c12328
_d12328